000
00286nam a2200109Ia 4500
008
200302s9999 xx 000 0 und d
100
_a
Pyo mi Young
245
_a
Advanced Architecture 1 House and Hotel and Resort
260
_b
Damidi Publishing Co.,
260
_c
2010
300
_a
335 P.,
999
_c
3148
_d
3148